000 00228 a2200097 4500
001 60263
082 _a330.9 WHI
090 _c37005
_d37005
245 _aModels of Political Economy
_hEnglish
260 _bSage Modern Publication
942 _aCAE NUST
_k330.9 WHI
999 _c295336
_d295336